LEADER 01663nam 2200385 a 450 001 9910697010503321 005 20230902162028.0 035 $a(CKB)5470000002384801 035 $a(OCoLC)613678578 035 $a(EXLCZ)995470000002384801 100 $a20100512d2010 ua 0 101 0 $aeng 135 $aurmn||||||||| 181 $ctxt$2rdacontent 182 $cc$2rdamedia 183 $acr$2rdacarrier 200 10$a2010 census$b[electronic resource] $eoperational changes made for 2010 position the U.S. Census Bureau to more accurately classify and identify group quarters : testimony before the Subcommittee on Information Policy, Census, and National Archives, Committee on Oversight and Government Reform, House of Representatives /$fstatement of Robert Goldenkoff 210 1$a[Washington, D.C.] :$cU.S. Govt. Accountability Office,$d[2010] 215 $a1 online resource (12 pages) $cillustrations 225 1 $aTestimony ;$vGAO-10-452T 300 $aTitle from PDF title screen (GAO, viewed May 4, 2009). 300 $a"For release ... February 22, 2010." 320 $aIncludes bibliographical references. 410 0$aTestimony ;$vGAO-10-452T. 517 $a2010 census 607 $aUnited States$vCensus, 2010 700 $aGoldenkoff$b Robert$01393781 712 02$aUnited States.$bCongress.$bHouse.$bCommittee on Oversight and Government Reform.$bSubcommittee on Information Policy, Census, and National Archives. 712 02$aUnited States.$bGovernment Accountability Office. 801 0$bGPO 801 1$bGPO 906 $aBOOK 912 $a9910697010503321 996 $a2010 census$93458349 997 $aUNINA LEADER 02848nam 22004571 450 001 9910796351403321 005 20171102064759.0 010 $a1-4742-8503-1 010 $a1-4742-8499-X 024 7 $a10.5040/9781474285032 035 $a(CKB)3790000000545513 035 $a(MiAaPQ)EBC5090739 035 $a(OCoLC)964329627 035 $a(UtOrBLW)bpp09261382 035 $a(EXLCZ)993790000000545513 100 $a20171115d2018 uy 0 101 0 $aeng 135 $aurcnu|||||||| 181 $2rdacontent 182 $2rdamedia 183 $2rdacarrier 200 10$a1938 $emodern Britain : social change and visions of the future /$fMichael John Law 210 1$aLondon :$cBloomsbury Academic,$d2018. 215 $a1 online resource (199 pages) $cillustrations, maps, tables 311 $a1-4742-8501-5 311 $a1-4742-8500-7 320 $aIncludes bibliographical references and index. 327 $aChapter 1. Partial History -- Chapter 2. Representations of Modern Life in 1938 -- Chapter 3. Glasgow's Empire Exhibition -- Chapter 4. Big Screen Televisions and Push-button Radios -- Chapter 5. The Adelphi Building -- Chapter 6. Picture Post - The Modernity of Everyday Life -- Chapter 7. Cars, Coaches and Charabancs at the Prospect Inn -- Chapter 8. Britain's New Airports -- Chapter 9. Conclusion. 330 $a"In 1938: Modern Britain, Michael John Law demonstrates that our understanding of life in Britain just before the Second World War has been overshadowed by its dramatic political events. 1938 was the last year of normality, and Law shows through a series of case studies that in many ways life in that year was far more modern than might have been thought. By considering topics as diverse as the opening of a new type of pub, the launch of several new magazines, the emergence of push-button radios and large screen televisions sets, and the building of a huge office block, he reveals a Britain, both modern and intrigued by its own modernity, that was stopped in its tracks by war and the austerity that followed. For some, life in Britain was as consumerist, secular, Americanized and modern as it would become for many in the late 1950s and early 1960s Presenting a fresh perspective on an important year in British social history, illuminated by six engaging case studies, this is a key study for students and scholars of 20th-century Britain."--Bloomsbury Publishing. 606 $aSocial change$zGreat Britain$xHistory$y20th century 606 $2British & Irish history 607 $aGreat Britain$xSocial conditions$y20th century 615 0$aSocial change$xHistory 676 $a309.141082 700 $aLaw$b Michael John$01581646 801 0$bUtOrBLW 801 1$bUtOrBLW 906 $aBOOK 912 $a9910796351403321 996 $a1938$93863342 997 $aUNINA LEADER 01092nam0 22002771i 450 001 UON00021841 005 20231205102022.195 010 $a96-277-6641-0 100 $a20020107d1995 |0itac50 ba 101 $achi 102 $aHK 105 $a|||| 1|||| 200 1 $aAnsha 3322$fWang Meng 210 $aHong Kong$cLiwen Chubanshe$d1995 410 p. ; 21 cm 606 $aLetteratura Cinese$xNarrativa$xSec. XX$3UONC000084$2FI 620 $aCN$dHong Kong$3UONL000075 686 $aCIN VI BA$cCina - Letteratura moderna e contemporanea - Testi$2A 700 0$aWANG Meng$3UONV003537$0636116 712 $aLiwen Chubanshe$3UONV250018$4650 801 $aIT$bSOL$c20250620$gRICA 899 $aSIBA - SISTEMA BIBLIOTECARIO DI ATENEO$2UONSI 912 $aUON00021841 950 $aSIBA - SISTEMA BIBLIOTECARIO DI ATENEO$dSI CIN VI BA 647 N $eSI SA 83844 7 647 N 966 $aLETTERATURA PUNJABI - POESIA E TEATRO$yLetteratura Cinese - Narrativa - Sec. XX$3UONC006913 996 $aAnsha 3322$91199520 997 $aUNIOR